[Event "Filadelfia op 1st"]
[Site "Filadelfia"]
[Date "2009.12.08"]
[Round "7"]
[White "Soluri, Francesco"]
[Black "Costantino, Gregorio"]
[Result "1-0"]
[WhiteElo "1640"]
[BlackElo "1413"]
[PlyCount "80"]
[EventDate "2009.12.05"]
[EventType "swiss"]
[EventRounds "7"]
[EventCountry "ITA"]
[SourceTitle "EXT 2012"]
[Source "ChessBase"]
[SourceDate "2011.11.24"]
[SourceVersion "1"]
[SourceVersionDate "2011.11.24"]
[SourceQuality "1"]

1. d4 d6 2. Nf3 Nf6 3. Bf4 g6 4. Nbd2 Bg7 5. c3 0-0 6. e4 Nh5 7. Be3 e5 8. dxe5 dxe5 9. Qc2 c6 10. a4 a5 11. Nc4 Nd7 12. Rd1 Qe7 13. Nd6 b6 14. Nxc8 Rfxc8 15. g3 Nc5 16. Bg2 f6 17. 0-0 Rd8 18. Rxd8+ Rxd8 19. Rd1 Rxd1+ 20. Qxd1 Qc7 21. Ne1 Ne6 22. Nc2 Bf8 23. Qd2 c5 24. Bh6 Qd8 25. Qxd8 Nxd8 26. Bxf8 Kxf8 27. f3 Nb7 28. Ne3 Nd6 29. g4 Nf4 30. Nd5 Nxd5 31. exd5 g5 32. Kf2 Nc4 33. b3 Nd2 34. Bf1 Ke7 35. Bc4 Kd6 36. Ke3 Nxc4+ 37. bxc4 h6 38. Ke4 Ke7 39. h3 Kf7 40. Kf5 Ke7 1-0

[Event "Filadelfia op 1st"]
[Site "Filadelfia"]
[Date "2009.12.06"]
[Round "2"]
[White "Caizzone, Vito"]
[Black "Soluri, Francesco"]
[Result "1-0"]
[WhiteElo "2149"]
[BlackElo "1640"]
[PlyCount "53"]
[EventDate "2009.12.05"]
[EventType "swiss"]
[EventRounds "7"]
[EventCountry "ITA"]
[SourceTitle "EXT 2012"]
[Source "ChessBase"]
[SourceDate "2011.11.24"]
[SourceVersion "1"]
[SourceVersionDate "2011.11.24"]
[SourceQuality "1"]

1. e4 c6 2. d4 d5 3. Nd2 dxe4 4. Nxe4 Bf5 5. Ng3 Bg6 6. f4 e6 7. Nf3 Nd7 8. h4 h6 9. h5 Bh7 10. Bd3 Bxd3 11. Qxd3 Ngf6 12. Bd2 Be7 13. 0-0-0 Ng4 14. Rhf1 Qc7 15. Ne5 Ngf6 16. f5 Nxe5 17. dxe5 Qxe5 18. fxe6 Qxe6 19. Rfe1 Qd5 20. Nf5 Qxd3 21. Rxe7+ Kf8 22. cxd3 Nxh5 23. Bc3 f6 24. Bb4 Kg8 25. g4 g6 26. gxh5 gxf5 27. Rg1+ 1-0

[Event "Wch Seniors 19th"]
[Site "Condino"]
[Date "2009.11.06"]
[Round "10"]
[White "Soluri, Francesco"]
[Black "Skworzvov, Igor"]
[Result "1/2-1/2"]
[WhiteElo "1542"]
[BlackElo "1755"]
[PlyCount "88"]
[EventDate "2009.10.27"]
[EventType "swiss"]
[EventRounds "11"]
[EventCountry "ITA"]
[SourceTitle "EXT 2010"]
[Source "ChessBase"]
[SourceDate "2010.11.25"]
[SourceVersion "1"]
[SourceVersionDate "2010.11.25"]
[SourceQuality "1"]

1. d4 d5 2. Bf4 Bf5 3. Nf3 h6 4. h3 Nc6 5. c3 Nf6 6. Nbd2 e6 7. e3 a6 8. Be2 Bd6 9. Ne5 Bxe5 10. dxe5 Nd7 11. Nf3 Be4 12. 0-0 Bxf3 13. Bxf3 Ndxe5 14. Be2 Qe7 15. Qc2 Ng6 16. Bh2 Rc8 17. Rad1 0-0 18. a3 Qg5 19. f4 Qe7 20. Bd3 f5 21. c4 Qc5 22. Kh1 Nge7 23. b4 Qd6 24. c5 Qd8 25. b5 axb5 26. Bxb5 Na7 27. a4 c6 28. Bc4 Qa5 29. Be2 Kh8 30. g4 b5 31. Ra1 b4 32. Rfc1 Rb8 33. Qb2 Rfd8 34. Qe5 Re8 35. Qxe6 Ng8 36. Qd6 Rbd8 37. Qg6 Rxe3 38. Bf1 b3 39. Rab1 Rde8 40. Bg1 Re1 41. Bd4 Nf6 42. Bxf6 gxf6 43. Qxf6+ Kh7 44. Qf7+ Kh8 1/2-1/2

[Event "Cutro op-B 15th"]
[Site "Cutro"]
[Date "2009.04.20"]
[Round "1"]
[White "Soluri, Francesco"]
[Black "Tricomi, Massimo"]
[Result "1-0"]
[WhiteElo "1500"]
[BlackElo "1882"]
[PlyCount "113"]
[EventDate "2009.04.20"]
[EventType "swiss"]
[EventRounds "7"]
[EventCountry "ITA"]
[SourceTitle "EXT 2011"]
[Source "ChessBase"]
[SourceDate "2010.11.26"]
[SourceVersion "1"]
[SourceVersionDate "2010.11.26"]
[SourceQuality "1"]

1. d4 d5 2. Nf3 Nf6 3. Bf4 e6 4. Nbd2 Bd6 5. Bxd6 Qxd6 6. c3 Nbd7 7. e3 0-0 8. Qc2 e5 9. dxe5 Nxe5 10. Nxe5 Qxe5 11. Nf3 Qh5 12. h3 Bf5 13. Bd3 Be4 14. Bxe4 dxe4 15. Nd4 a6 16. 0-0 c5 17. Ne2 Rfd8 18. Ng3 Qe5 19. Rfd1 b5 20. Rxd8+ Rxd8 21. Rd1 Rxd1+ 22. Qxd1 Nd5 23. Qg4 Nf6 24. Qc8+ Qe8 25. Qxe8+ Nxe8 26. Nxe4 c4 27. b3 cxb3 28. axb3 f5 29. Nc5 a5 30. Kf1 Nd6 31. Ke2 Ne4 32. Nxe4 fxe4 33. f3 exf3+ 34. gxf3 a4 35. bxa4 bxa4 36. Kd2 Kf7 37. c4 Ke6 38. Kc3 Kd6 39. Kb4 g5 40. Kxa4 Kc5 41. Kb3 h5 42. e4 Kd4 43. Kb4 Ke3 44. c5 Kxf3 45. c6 Kxe4 46. c7 g4 47. hxg4 hxg4 48. c8Q Kf3 49. Qc3+ Kg2 50. Qd2+ Kh3 51. Qe3+ g3 52. Qg1 g2 53. Kc3 Kg3 54. Kd3 Kf3 55. Kd2 Kg3 56. Ke2 Kh3 57. Kf3 1-0

[Event "Catanzaro Province-ch"]
[Site "Catanzaro"]
[Date "2006.05.21"]
[Round "5"]
[White "Tassone, Francesco1"]
[Black "Soluri, Francesco"]
[Result "1/2-1/2"]
[WhiteElo "1493"]
[BlackElo "1473"]
[PlyCount "54"]
[EventDate "2006.05.19"]
[EventType "swiss"]
[EventRounds "5"]
[EventCountry "ITA"]
[SourceTitle "EXT 2024"]
[Source "ChessBase"]
[SourceDate "2023.10.10"]
[SourceVersion "1"]
[SourceVersionDate "2023.10.10"]
[SourceQuality "1"]

1. e4 c6 2. d4 e5 3. dxe5 Qe7 4. Nc3 g6 5. Bf4 Bg7 6. Nf3 b6 7. Qd2 Na6 8. a3 Bb7 9. b4 Nc7 10. Be2 Ne6 11. Be3 h6 12. 0-0 f6 13. Nh4 Qf7 14. exf6 Bxf6 15. Nf3 Qg7 16. e5 Bxe5 17. Nxe5 Qxe5 18. Bf3 0-0-0 19. Ne4 d5 20. Ng3 h5 21. Qe2 Nh6 22. Rfe1 Nf4 23. Qd2 Rhf8 24. Bxf4 Qxf4 25. Qxf4 Rxf4 26. Re6 h4 27. Ne2 Rc4 1/2-1/2

[Event "Cutro op-B 12th"]
[Site "Cutro"]
[Date "2006.04.27"]
[Round "5"]
[White "Piccoli, Vincenzo"]
[Black "Soluri, Francesco"]
[Result "1-0"]
[WhiteElo "1667"]
[BlackElo "1473"]
[PlyCount "73"]
[EventDate "2006.04.23"]
[EventType "swiss"]
[EventRounds "9"]
[EventCountry "ITA"]
[SourceTitle "EXT 2007"]
[Source "ChessBase"]
[SourceDate "2006.11.23"]
[SourceVersion "1"]
[SourceVersionDate "2006.11.23"]
[SourceQuality "1"]

1. d4 Nf6 2. c4 d5 3. cxd5 Nxd5 4. e4 Nb6 5. Nc3 e6 6. Nf3 Bb4 7. Be2 c6 8. 0-0 0-0 9. Qb3 Be7 10. Bf4 N8d7 11. Rfd1 Nf6 12. Rac1 Nh5 13. Bg3 Nxg3 14. hxg3 Bg5 15. Nxg5 Qxg5 16. e5 Nd5 17. Ne4 Qe7 18. a4 Rb8 19. Nd6 f6 20. Bc4 fxe5 21. dxe5 Qg5 22. f4 Qe7 23. Bd3 Kh8 24. Rxc6 Ne3 25. Rd2 Bd7 26. Rc7 Nd5 27. Rxb7 Rxb7 28. Qxb7 h5 29. f5 Ne3 30. Qxa7 Nxf5 31. Bxf5 exf5 32. Nxf5 Rxf5 33. Qxd7 Qc5+ 34. Qd4 Qc1+ 35. Rd1 Qg5 36. Qd8+ Qxd8 37. Rxd8+ 1-0

[Event "Cutro op-B 11th"]
[Site "Cutro"]
[Date "2005.04.24"]
[Round "1"]
[White "Luvera, Filippo"]
[Black "Soluri, Francesco"]
[Result "1-0"]
[WhiteElo "1739"]
[BlackElo "1440"]
[PlyCount "51"]
[EventDate "2005.04.23"]
[EventType "swiss"]
[EventRounds "5"]
[EventCountry "ITA"]
[SourceTitle "CBM 106 Extra"]
[Source "ChessBase"]
[SourceDate "2005.07.01"]
[SourceVersion "1"]
[SourceVersionDate "2005.07.01"]
[SourceQuality "1"]

1. e4 c5 2. c3 g6 3. Nf3 Bg7 4. d4 cxd4 5. cxd4 d6 6. Bc4 e6 7. 0-0 a6 8. a4 Bd7 9. Nc3 Nc6 10. d5 Ne5 11. Nxe5 Bxe5 12. f4 Qb6+ 13. Kh1 Bd4 14. dxe6 fxe6 15. f5 exf5 16. exf5 0-0-0 17. Be6 Nf6 18. Bg5 Be5 19. Bxf6 Bxf6 20. Nd5 Qd4 21. Qc2+ Qc5 22. Qxc5+ dxc5 23. Nxf6 Bxe6 24. fxe6 Rd2 25. e7 Re2 26. Rae1 1-0